Tapping panel dryness of rubber: Prevalence, incidence and severity in Tripura (Record no. 46706)

MARC details
000 -LEADER
fixed length control field 00785nam a2200301Ia 4500
100 ## - MAIN ENTRY--AUTHOR NAME
Personal name Gogoi N K
245 #0 - TITLE STATEMENT
Title Tapping panel dryness of rubber: Prevalence, incidence and severity in Tripura
260 ## - PUBLICATION, DISTRIBUTION, ETC. (IMPRINT)
Name of publisher Natural Rubber Research
Year of publication 2011
300 ## - PHYSICAL DESCRIPTION
Number of Pages 240-246
500 ## - GENERAL NOTE
General note Source Year: 2011
650 ## - SUBJECT ADDED ENTRY--TOPICAL TERM
Topical Term Hevea brasiliensis
650 ## - SUBJECT ADDED ENTRY--TOPICAL TERM
Topical Term Hevea brasiliensis
650 ## - SUBJECT ADDED ENTRY--TOPICAL TERM
Topical Term Incidence
650 ## - SUBJECT ADDED ENTRY--TOPICAL TERM
Topical Term Incidence
650 ## - SUBJECT ADDED ENTRY--TOPICAL TERM
Topical Term Season
650 ## - SUBJECT ADDED ENTRY--TOPICAL TERM
Topical Term Season
650 ## - SUBJECT ADDED ENTRY--TOPICAL TERM
Topical Term Tapping panel dryness
650 ## - SUBJECT ADDED ENTRY--TOPICAL TERM
Topical Term Tapping panel dryness
650 ## - SUBJECT ADDED ENTRY--TOPICAL TERM
Topical Term Tripura
650 ## - SUBJECT ADDED ENTRY--TOPICAL TERM
Topical Term Tripura
700 ## - ADDED ENTRY--PERSONAL NAME
Personal name Datta Bhaskar
700 ## - ADDED ENTRY--PERSONAL NAME
Personal name Dey S K
700 ## - ADDED ENTRY--PERSONAL NAME
Personal name Majumdar A
700 ## - ADDED ENTRY--PERSONAL NAME
Personal name Mandal Debasis
700 ## - ADDED ENTRY--PERSONAL NAME
Personal name Mathew Jacob
942 ## - ADDED ENTRY ELEMENTS (KOHA)
Koha item type Articles
Holdings
Withdrawn status Lost status Damaged status Not for loan Home library Current library Shelving location Date acquired Serial Enumeration / chronology Koha item type
      Articles RRII Library RRII Library Physiology 27/04/2012 Volume 24, Issue 2 Articles